Plane and geodetic surveying for engineers ... (Record no. 90644)

MARC details
000 -LEADER
fixed length control field 00702cam a2200253 4500
001 - CONTROL NUMBER
control field B868
008 - FIXED-LENGTH DATA ELEMENTS--GENERAL INFORMATION
fixed length control field 090401t1963 xxu||||| |||| 00| 0 eng d
035 ## - SYSTEM CONTROL NUMBER
System control number (Sirsi) u38425
041 ## - LANGUAGE CODE
Language code of text/sound track or separate title eng
050 ## - LIBRARY OF CONGRESS CALL NUMBER
Classification number 526.902462
100 ## - MAIN ENTRY--PERSONAL NAME
Personal name Clark, David
245 ## - TITLE STATEMENT
Title Plane and geodetic surveying for engineers ...
250 ## - EDITION STATEMENT
Edition statement 5th ed.
260 ## - PUBLICATION, DISTRIBUTION, ETC.
Place of publication, distribution, etc. London
Name of publisher, distributor, etc. Constable
Date of publication, distribution, etc. 1963
300 ## - PHYSICAL DESCRIPTION
Extent 2v. : ill. ; 22cm.
350 ## - PRICE (NR) (BK AM CF MU VM SE) [OBSOLETE]
Price 0
520 ## - SUMMARY, ETC.
Summary, etc. Volume 1. Plane Surveying Volume 2. Higher Surveying. This edition by James Clendinning.
650 ## - SUBJECT ADDED ENTRY--TOPICAL TERM
Topical term or geographic name entry element FIELD ASTRONOMY
650 ## - SUBJECT ADDED ENTRY--TOPICAL TERM
Topical term or geographic name entry element LAND SURVEYING
650 ## - SUBJECT ADDED ENTRY--TOPICAL TERM
Topical term or geographic name entry element SURVEY ADJUSTMENT
700 ## - ADDED ENTRY--PERSONAL NAME
Personal name Clendinning, James
International Standard Serial Number Editor
942 ## - ADDED ENTRY ELEMENTS (KOHA)
Suppress in OPAC 0
948 ## - LOCAL PROCESSING INFORMATION (OCLC); SERIES PART DESIGNATOR (RLIN)
c (OCLC) 04/03/1997
Holdings
Withdrawn status Lost status Source of classification or shelving scheme Damaged status Not for loan Home library Current library Shelving location Date acquired Total Checkouts Full call number Barcode Date last seen Copy number Price effective from Koha item type
    Dewey Decimal Classification     London London Basement 08/08/1991   SHELF 114 30014914 06/08/2019 1 06/08/2019 Reference material
    Dewey Decimal Classification     London London Basement 08/08/1991   SHELF 114 30014917 06/08/2019 2 06/08/2019 Reference material